zpět

Detail výsledku týmu

Forrum, Brno

Datum a čas kvízu

25.5 Celkem bodů Celkový počet nahraných bodů na tomto kvízu bez doplňovacích otázek.
5. Pořadí na kvízu Konečné umístění týmu na tomto kvízu.

Zaznamenané odpovědi

# Otázka Odpověď Body Výsledky
1. Ze známého léku proti nepříjem... 0
2. Neobvyklý trest dostal starost... 0
3. Tento hvězdný pár už spolu asi... 0
4. Vítězem ocenění Podnikatel rok... 0
5. Se kterou sportovní událostí b... 1
6. Které z těchto děl Karla Čapka... 1
7. Tento obraz Františka Kupky se... 0
8. Toto dílo by bylo zbytečné pře... 1
9. Hudbu a text písně Kávu si osl... 0
10. Přiřaďte filmy Miloše Formana... 0